| 000 | 02832nam a2200325 4500 | ||
|---|---|---|---|
| 001 | ESSALUD | ||
| 005 | 20260703125256.0 | ||
| 007 | ta | ||
| 008 | t pe ||||| |||| 00| 0 spa d | ||
| 040 | _aBMG | ||
| 041 | _aspa | ||
| 100 |
_aValderrama Valderrama, Luis Ricardo _eAutor _949171 |
||
| 245 |
_aRégimen jurídico de la Compensación por Tiempo de Servicios. _bDeterminación, cálculo y nuevas reglas de disposición de los fondos |
||
| 246 |
_aLegal regime of the compensation for length of service, _bDetermination, ca lculation, and new rules for t he use of fu nds |
||
| 300 | _apáginas 87-104 | ||
| 520 | _aEl presente artículo analiza el régimen jurídico de la Compensación por Tiempo de Servicios (CTS) en el ordenamiento laboral peruano, destacando su naturaleza previsional y su función de protección frente al desempleo. Se examina el marco normativo aplicable, los requisitos para acceder al beneficio, las reglas sobre su depósito, cálculo y remuneración computable, así como las particularidades de diversos regímenes laborales especiales. Asimismo, se abordan los supuestos de pago directo, la libre disponibilidad de los fondos y las recientes modificaciones normativas que permiten el retiro del 100 % de la CTS. Finalmente, se analizan las consecuencias del incumplimiento del empleador y las infracciones administrativas correspondientes. | ||
| 520 | _aThis article analyzes the legal regime of the Compensation far Length of Service (CTS) within the Peruvian labor legal system, highlighting its social security nature and its function as protection against unemployment. lt examines the applicable regulatory framework, the requirements to access this benefit, the rules governing its deposit, calculation, and computable remuneration, as well as the particularities of various special labor regimes. lt also addresses the cases of direct payment, the free availability of the funds, and recent regulatory amendments that allow the withdrawal of 100% of the CTS. Finally, the article analyzes the consequences of employer non-compliance and the corresponding administrative infractions. | ||
| 650 |
_aCOMPENSACIÓN POR TIEMPO DE SERVICIOS _94010 |
||
| 650 |
_aDERECHO LABORAL PERUANO _953275 |
||
| 650 |
_aREMUNERACIÓN COMPUTABLE _953278 |
||
| 650 |
_aPROTECCIÓN FRENTE AL DESEMPLEO _953284 |
||
| 650 |
_aBENEFICIOS SOCIALES _953285 |
||
| 650 |
_aCAMPENSATION FAR LENGTH OF SERVICE _953286 |
||
| 650 |
_aSOCIAL BENEFITS _953287 |
||
| 650 |
_aPERUVIAN LABOR LAW _953280 |
||
| 650 |
_aCOMPUTABLE REMUNERATION _953288 |
||
| 650 |
_aPROTECTION AGAINST UNEMPLOYMENT _953289 |
||
| 773 | 0 |
_022614 _922626 _dLima Grupo Praxis Formación Profesional, 2026- _oPRALAB002 _tPraxis Laboral & Procesal Laboral _wESSALUD _x3119-768X |
|
| 942 |
_cARTICULOS _e2026-07-02 _zSQB |
||
| 999 |
_c22641 _d22641 |
||